[Event "DVM U20 2003"]
[Site "Ditzingen GER"]
[Date "2003.12.27"]
[Round "1"]
[White "Pilgram, Alexander"]
[Black "Katte, Nicolas"]
[Result "1-0"]
[Termination "normal"]
[Board "4.5"]
[WhiteElo "1785"]
[BlackElo "1655"]
[WhiteTeam "SG Porz"]
[BlackTeam "ASC Theresianum Mainz"]
[PlyCount "39"]
[BlackFideId "24614149"]
[EventCountry "GER"]
[EventRounds "7"]
[EventType "team-swiss"]
[EventDate "2003.12.26"]

1. e4 e6 2. d4 b6 3. Nf3 Bb7 4. Bd3 Nf6 5. Nbd2 d6 6. O-O Nbd7 7. Re1 Be7 8. c3
e5 9. Nf1 h5 10. Qb3 Rf8 11. Ng3 g6 12. Bh6 Rh8 13. Ng5 Nd5 14. Nxf7 Kxf7 15.
Bd2 a5 16. exd5 a4 17. Qc2 Qg8 18. f4 exf4 19. Bxg6+ Qxg6 20. Rxe7+ 1-0

[Event "DVM U20 2003"]
[Site "Ditzingen GER"]
[Date "2003.12.27"]
[Round "1"]
[White "Pötzsch, Barnim"]
[Black "Karmann, Alexander"]
[Result "0-1"]
[Termination "normal"]
[Board "4.6"]
[WhiteElo "1467"]
[BlackElo "1774"]
[WhiteTeam "ASC Theresianum Mainz"]
[BlackTeam "SG Porz"]
[PlyCount "128"]
[BlackFideId "24629863"]
[EventCountry "GER"]
[EventRounds "7"]
[EventType "team-swiss"]
[EventDate "2003.12.26"]

1. e4 e5 2. Nf3 Nc6 3. Bb5 a6 4. Ba4 Nf6 5. O-O Be7 6. Re1 b5 7. Bb3 d6 8. c3
Na5 9. Bc2 c5 10. d4 Nc6 11. dxe5 dxe5 12. Qxd8+ Bxd8 13. Be3 Be7 14. h3 O-O
15. Nbd2 Bb7 16. Nb3 Nd7 17. Rad1 Rfd8 18. Re2 c4 19. Nc1 Nc5 20. Rd5 Nd7 21.
Red2 Nf6 22. Rxd8+ Rxd8 23. Rxd8+ Bxd8 24. b3 cxb3 25. axb3 Nd7 26. Nd3 f6 27.
Nc5 Nxc5 28. Bxc5 Be7 29. Bxe7 Nxe7 30. b4 Kf7 31. Bb3+ Ke8 32. Nd2 Nc8 33. f3
Kd7 34. Kf2 Nd6 35. Ke3 Kc6 36. Bd5+ Kb6 37. Bxb7 Nxb7 38. Nb3 { mit
Remisangebot} a5 39. Nxa5 Nxa5 40. bxa5+ Kxa5 41. g3 Ka4 42. f4 Kb3 43. Kd3 b4
44. cxb4 Kxb4 45. fxe5 fxe5 46. h4 Kb3 47. g4 Kb4 48. h5 Kb3 49. g5 Kb4 50. g6
h6 51. Ke3 Kc4 52. Kf3 Kd4 53. Kg3 Kxe4 54. Kg4 Kd5 55. Kf3 e4+ 56. Kf4 Kd4 57.
Kf5 e3 58. Ke6 e2 59. Kf7 e1=Q 60. Kxg7 Qe3 61. Kh7 Qg5 62. g7 Ke5 63. g8=Q
Qxg8+ 64. Kxg8 Kf6 0-1

[Event "DVM U20 2003"]
[Site "Ditzingen GER"]
[Date "2003.12.27"]
[Round "1"]
[White "Wilke, Matthias"]
[Black "Fadavian, Marius"]
[Result "1/2-1/2"]
[Termination "normal"]
[Board "5.2"]
[WhiteElo "2033"]
[BlackElo "2042"]
[WhiteTeam "SF Hettstedt"]
[BlackTeam "SV SF Aachen-Hörn"]
[PlyCount "49"]
[BlackFideId "4686519"]
[EventCountry "GER"]
[EventRounds "7"]
[EventType "team-swiss"]
[EventDate "2003.12.26"]

1. e4 Nf6 2. Nc3 d5 3. e5 d4 4. exf6 dxc3 5. fxe7 cxd2+ 6. Bxd2 Bxe7 7. Bd3 Nc6
8. Bc3 Bf6 9. Ne2 Bxc3+ 10. Nxc3 Qe7+ 11. Qe2 Qxe2+ 12. Nxe2 Bd7 13. O-O-O
O-O-O 14. Ng3 Ne5 15. f3 Be6 16. Bf5 Rhe8 17. Rxd8+ Kxd8 18. Rd1+ Kc8 19. Rd4
Bxf5 20. Nxf5 g6 21. Ng3 f5 22. b3 Nc6 23. Rd2 Nd8 24. Ne2 Ne6 25. Nd4 1/2-1/2

[Event "DVM U20 2003"]
[Site "Ditzingen GER"]
[Date "2003.12.27"]
[Round "1"]
[White "Probst, Patrick"]
[Black "Schalk, Martin"]
[Result "1/2-1/2"]
[Termination "normal"]
[Board "5.3"]
[WhiteElo "1826"]
[BlackElo "1982"]
[WhiteTeam "SV SF Aachen-Hörn"]
[BlackTeam "SF Hettstedt"]
[PlyCount "89"]
[EventCountry "GER"]
[EventRounds "7"]
[EventType "team-swiss"]
[EventDate "2003.12.26"]

1. d4 Nf6 2. c4 e6 3. Nc3 Bb4 4. e3 O-O 5. Bd3 d5 6. Nge2 b6 7. a3 Be7 8. O-O
Bb7 9. b3 c5 10. Bb2 Nc6 11. cxd5 exd5 12. dxc5 bxc5 13. Nf4 d4 14. exd4 Nxd4
15. Nce2 Qd6 16. Nxd4 Qxf4 17. Nf5 Rfe8 18. g3 Qc7 19. Nxe7+ Qxe7 20. Qc2 h6
21. Rac1 Rac8 22. Bb5 Red8 23. Rfe1 Qd6 24. Red1 Qb6 25. Rxd8+ Rxd8 26. Qxc5
Rd1+ 27. Bf1 Qxb3 28. Rxd1 Qxd1 29. Qe3 Qd5 30. f3 Qxf3 31. Qxf3 Bxf3 32. Bxf6
gxf6 33. Kf2 Bc6 34. Ke3 Kf8 35. Kd4 Ke7 36. Bd3 Bd7 37. Bc4 Be6 38. Bd3 Kd6
39. Ba6 Kc6 40. Bd3 Kd6 41. Bb5 Ba2 42. Be8 f5 43. Bb5 Bb3 44. Bd3 Be6 45. Bb5
1/2-1/2

[Event "DVM U20 2003"]
[Site "Ditzingen GER"]
[Date "2003.12.27"]
[Round "1"]
[White "Krege, Sandra"]
[Black "Jürgens, Florian"]
[Result "1-0"]
[Termination "normal"]
[Board "5.4"]
[WhiteElo "1916"]
[BlackElo "1743"]
[WhiteTeam "SF Hettstedt"]
[BlackTeam "SV SF Aachen-Hörn"]
[PlyCount "87"]
[WhiteFideId "4680910"]
[EventCountry "GER"]
[EventRounds "7"]
[EventType "team-swiss"]
[EventDate "2003.12.26"]

1. e4 e5 2. Bc4 Nc6 3. d3 Bc5 4. Nf3 h6 5. c3 Nge7 6. b4 Bd6 7. Nh4 Ng6 8. Nxg6
fxg6 9. O-O Rf8 10. Be3 Be7 11. Qd2 Bg5 12. Bxg5 Qxg5 13. Qxg5 hxg5 14. Nd2 d6
15. Nb3 Bd7 16. a4 Rf4 17. b5 Nd8 18. Nc1 Ne6 19. Ne2 Rh4 20. Bxe6 Bxe6 21. f3
Ke7 22. h3 Rah8 23. Kf2 b6 24. a5 Rf8 25. Ke3 Rhh8 26. axb6 axb6 27. Ra7 Rc8
28. Rfa1 Rhd8 29. c4 Kf6 30. Nc3 Ke7 31. Na2 Ra8 32. Nb4 Rxa7 33. Rxa7 Rc8 34.
Kd2 Kd7 35. Kc3 Ke7 36. Nc6+ Kf7 37. Rb7 Ke8 38. Na7 Ra8 39. Rxc7 Kd8 40. Rxg7
Bd7 41. Rg8+ Be8 42. Nc6+ Kc7 43. Rg7+ Kc8 44. Nb4 1-0

[Event "DVM U20 2003"]
[Site "Ditzingen GER"]
[Date "2003.12.27"]
[Round "1"]
[White "Delpy, Rene"]
[Black "Nichelmann, Nils"]
[Result "0-1"]
[Termination "normal"]
[Board "5.5"]
[WhiteElo "1508"]
[BlackElo "2028"]
[WhiteTeam "SV SF Aachen-Hörn"]
[BlackTeam "SF Hettstedt"]
[PlyCount "64"]
[BlackFideId "4687256"]
[EventCountry "GER"]
[EventRounds "7"]
[EventType "team-swiss"]
[EventDate "2003.12.26"]

1. e4 c5 2. c3 d5 3. exd5 Qxd5 4. d4 Nc6 5. Be3 cxd4 6. cxd4 e5 7. Nc3 Bb4 8.
a3 Bxc3+ 9. bxc3 exd4 10. cxd4 Nf6 11. Nf3 O-O 12. h3 Re8 13. Be2 Ne4 14. Bd3
Qa5+ 15. Nd2 Ng3 16. Rg1 Nxd4 17. Qb1 Bf5 18. Kd1 Qa4+ 19. Kc1 Nge2+ 20. Kb2
Nxg1 21. Bxf5 Qb5+ 22. Ka2 Qd5+ 23. Nb3 Nxf5 24. Qxg1 Nxe3 25. fxe3 Rac8 26.
Kb2 Qe5+ 27. Nd4 Qxe3 28. Qxe3 Rxe3 29. Nf5 Re2+ 30. Kb3 g6 31. Nd6 Rd8 32. Nc4
Rxg2 0-1

[Event "DVM U20 2003"]
[Site "Ditzingen GER"]
[Date "2003.12.27"]
[Round "1"]
[White "Kunth, Andreas"]
[Black "Elgourt, Maja"]
[Result "1-0"]
[Termination "normal"]
[Board "5.6"]
[WhiteElo "1903"]
[BlackElo "1486"]
[WhiteTeam "SF Hettstedt"]
[BlackTeam "SV SF Aachen-Hörn"]
[PlyCount "124"]
[EventCountry "GER"]
[EventRounds "7"]
[EventType "team-swiss"]
[EventDate "2003.12.26"]

1. e4 d6 2. d4 Nf6 3. Nc3 g6 4. h3 Bg7 5. f4 c5 6. dxc5 Qa5 7. Bd3 Qxc5 8. Qe2
Nh5 9. Nd5 Ng3 10. Be3 Qa5+ 11. Qd2 Qxd2+ 12. Kxd2 Kd8 13. Rh2 Bxb2 14. Rb1 Bg7
15. Nf3 h6 16. Nd4 e6 17. Nc3 Nc6 18. Ncb5 Nxd4 19. Nxd4 a6 20. c4 Re8 21. Nb3
Bd7 22. Bf2 Nh5 23. Bb6+ Ke7 24. Ke3 Nxf4 25. Bf1 Be5 26. Rh1 Nh5 27. g4 Ng3
28. Rg1 Nxf1+ 29. Rgxf1 g5 30. Na5 Bf4+ 31. Kf3 Rac8 32. Rfd1 Ba4 33. Re1 Bd2
34. Re2 Bxa5 35. Bxa5 b5 36. cxb5 Bxb5 37. Rd2 Bc6 38. Bb4 Kf6 39. Bxd6 Bb5 40.
e5+ Kg6 41. Rbb2 Rc3+ 42. Kg2 Rec8 43. Rf2 Rc1 44. Rbd2 R8c3 45. Rf6+ Kg7 46.
a3 Bc6+ 47. Kf2 Rxh3 48. Bb4 Rh2+ 49. Kg3 Rxd2 50. Bxd2 Rg1+ 51. Kh3 Rd1 52.
Bb4 Rd3+ 53. Kh2 Bf3 54. Kg3 Be2+ 55. Kg2 Bxg4 56. Bd6 h5 57. Rf2 Bf5 58. Rb2
h4 59. Rb8 g4 60. Be7 Rd2+ 61. Kg1 Bh7 62. Bxh4 Kg6 {Rest nicht rekonstruierbar
} 1-0

[Event "DVM U20 2003"]
[Site "Ditzingen GER"]
[Date "2003.12.27"]
[Round "1"]
[White "Lauer, Moritz"]
[Black "Mijatovic, Vladimir"]
[Result "1-0"]
[Termination "normal"]
[Board "6.2"]
[WhiteElo "2191"]
[BlackElo "2126"]
[WhiteTeam "SV Puschendorf"]
[BlackTeam "SV Wolfbusch"]
[PlyCount "95"]
[WhiteFideId "4678354"]
[BlackFideId "934062"]
[EventCountry "GER"]
[EventRounds "7"]
[EventType "team-swiss"]
[EventDate "2003.12.26"]

1. e4 c5 2. c3 d5 3. exd5 Qxd5 4. d4 e6 5. Nf3 Nc6 6. Na3 Nf6 7. Be2 Be7 8. Nb5
Qd8 9. dxc5 Bxc5 10. Qxd8+ Kxd8 11. Bg5 a6 12. Rd1+ Ke7 13. Nbd4 Bd7 14. O-O h6
15. Bf4 Nh5 16. Be3 Bd6 17. Nxc6+ Bxc6 18. Nd4 Nf4 19. Nxc6+ bxc6 20. Bf3 Nd5
21. Bc1 Rac8 22. c4 Nf6 23. Be3 Rc7 24. Bb6 Rcc8 25. Rfe1 c5 26. Ba5 Bc7 27.
Bc3 Rb8 28. g3 a5 29. Kf1 Rhd8 30. Ke2 g6 31. Rd3 Nd7 32. Kd2 Nb6 33. b3 Rxd3+
34. Kxd3 Nd7 35. Bc6 Rd8 36. Kc2 Ne5 $2 37. Rxe5 (37. Bxe5 Bxe5 38. Rxe5 Kd6)
37... Bxe5 38. Bxe5 f6 39. Bc3 Rc8 40. Bg2 Rc7 41. Bxa5 Ra7 42. b4 Kd7 43. a3
e5 44. Kb3 Ra6 45. Bb7 Ra7 46. Bd5 cxb4 47. axb4 f5 48. c5 1-0

[Event "DVM U20 2003"]
[Site "Ditzingen GER"]
[Date "2003.12.27"]
[Round "1"]
[White "Häcker, Sonja"]
[Black "Lowitz, Torsten"]
[Result "0-1"]
[Termination "normal"]
[Board "6.3"]
[WhiteElo "2028"]
[BlackElo "2134"]
[WhiteTeam "SV Wolfbusch"]
[BlackTeam "SV Puschendorf"]
[PlyCount "100"]
[WhiteFideId "4680928"]
[BlackFideId "4681924"]
[EventCountry "GER"]
[EventRounds "7"]
[EventType "team-swiss"]
[EventDate "2003.12.26"]

1. e4 c5 2. Nc3 Nc6 3. g3 g6 4. Bg2 Bg7 5. d3 d6 6. f4 e6 7. Nf3 Nge7 8. O-O
O-O 9. Be3 Nd4 10. e5 dxe5 11. Nxe5 Rb8 12. Ne4 b6 13. c3 Ndf5 14. Bf2 Bb7 15.
g4 Nd6 16. Qe2 Qc7 17. Bg3 Nxe4 18. Bxe4 Rbd8 19. Rae1 Rfe8 20. Nxf7 Kxf7 21.
f5 e5 22. fxg6+ Kg8 23. gxh7+ Kh8 24. g5 Bxe4 25. Qxe4 Qd6 26. Rf3 Qg6 27. Qg4
Rxd3 28. Rxd3 Qxd3 29. Bxe5 Bxe5 30. Rxe5 Rf8 31. Qe2 Qxe2 32. Rxe2 Ng6 33. Re4
Kxh7 34. Kg2 Rf4 35. Re3 Rg4+ 36. Rg3 Nf4+ 37. Kf3 Rxg3+ 38. Kxg3 Nd3 39. b3
Nc1 40. Kf4 Nxa2 41. h4 Nxc3 42. h5 Nd5+ 43. Ke5 Ne7 44. Ke6 Ng8 45. Kd6 Kg7
46. Ke6 Nh6 47. Ke5 Nf7+ 48. Kf5 a5 49. g6 Nd6+ 50. Ke5 c4 0-1

[Event "DVM U20 2003"]
[Site "Ditzingen GER"]
[Date "2003.12.27"]
[Round "1"]
[White "Moyles-Johnson, Yannick"]
[Black "Niethammer, Christoph"]
[Result "0-1"]
[Termination "normal"]
[Board "6.4"]
[WhiteElo "1587"]
[BlackElo "1982"]
[WhiteTeam "SV Puschendorf"]
[BlackTeam "SV Wolfbusch"]
[PlyCount "54"]
[BlackFideId "4694325"]
[EventCountry "GER"]
[EventRounds "7"]
[EventType "team-swiss"]
[EventDate "2003.12.26"]

1. f4 g6 2. e3 Bg7 3. Nf3 d5 4. Nc3 Nf6 5. Bd3 O-O 6. b3 c5 7. Bb2 Nc6 8. Rb1
Be6 9. Na4 b6 10. Bxf6 Bxf6 11. h4 Bg4 12. Be2 e6 13. Ng5 Bxe2 14. Qxe2 e5 15.
g3 exf4 16. gxf4 Nd4 17. Qd3 Nf5 18. Kf2 h5 19. Rbg1 Bg7 20. Rh2 Qd6 21. Nc3
Rad8 22. Nb5 Qb8 23. Qf1 a6 24. Na3 d4 25. d3 Nxe3 26. Qh3 Qxf4+ 27. Qf3 Qxh2+
0-1

[Event "DVM U20 2003"]
[Site "Ditzingen GER"]
[Date "2003.12.27"]
[Round "1"]
[White "Naß, Walter Robert"]
[Black "Lingl, Xenia"]
[Result "1-0"]
[Termination "normal"]
[Board "6.5"]
[WhiteElo "1844"]
[BlackElo "1144"]
[WhiteTeam "SV Wolfbusch"]
[BlackTeam "SV Puschendorf"]
[PlyCount "89"]
[WhiteFideId "24607215"]
[EventCountry "GER"]
[EventRounds "7"]
[EventType "team-swiss"]
[EventDate "2003.12.26"]

1. e4 e5 2. Nf3 Nc6 3. d4 exd4 4. Nxd4 Bc5 5. Be3 Bxd4 6. Bxd4 Nf6 7. Nc3 d6 8.
Be2 O-O 9. Be3 Ne7 10. Qd2 c6 11. O-O-O b5 12. f3 Qc7 13. Qxd6 Qb7 14. Bc5 Re8
15. h4 Be6 16. h5 h6 17. g4 Nh7 18. Qg3 b4 19. Na4 Bxa2 20. b3 Bxb3 21. cxb3
Rad8 22. Rxd8 Rxd8 23. Rd1 Rxd1+ 24. Kxd1 Qd7+ 25. Qd6 Qxd6+ 26. Bxd6 Nc8 27.
Bxb4 Ng5 28. Ba6 Nb6 29. Nxb6 axb6 30. Be2 Kh7 31. Kd2 f6 32. Ke3 Kg8 33. Bc4+
Kh7 34. f4 Nh3 35. Bf1 Nxf4 36. Kxf4 g6 37. Be7 g5+ 38. Kf5 b5 39. Kxf6 c5 40.
Bxb5 c4 41. bxc4 Kh8 42. Kg6 Kg8 43. Be8 Kh8 44. c5 Kg8 45. Bf7+ 1-0

[Event "DVM U20 2003"]
[Site "Ditzingen GER"]
[Date "2003.12.27"]
[Round "1"]
[White "Kittler, Alexander"]
[Black "Willems, Sebastian"]
[Result "0-1"]
[Termination "normal"]
[Board "6.6"]
[WhiteElo "972"]
[BlackElo "1500"]
[WhiteTeam "SV Puschendorf"]
[BlackTeam "SV Wolfbusch"]
[PlyCount "68"]
[WhiteFideId "24669954"]
[EventCountry "GER"]
[EventRounds "7"]
[EventType "team-swiss"]
[EventDate "2003.12.26"]

1. e4 d5 2. exd5 Qxd5 3. Nc3 Qa5 4. d4 Nf6 5. Bc4 Bf5 6. Bd2 c6 7. Qe2 Qc7 8.
O-O-O Nbd7 9. Nf3 e6 10. Rhe1 Bd6 11. Ne5 O-O 12. Nxd7 Qxd7 13. h3 a5 14. g4
Bg6 15. h4 h5 16. g5 Nd5 17. Ne4 b5 18. Bd3 Nb4 19. a3 Nxd3+ 20. Qxd3 Rfc8 21.
Qe2 b4 22. a4 c5 23. dxc5 Qxa4 24. Kb1 Bxc5 25. b3 Qc6 26. Qc4 Qb6 27. Qe2 a4
28. Nxc5 Qxc5 29. Qc4 axb3 30. Qxc5 Rxc5 31. Rc1 Ra2 32. Re3 Rcxc2 33. Rxc2
Bxc2+ 34. Kc1 Ra1+ 0-1

[Event "DVM U20 2003"]
[Site "Ditzingen GER"]
[Date "2003.12.27"]
[Round "1"]
[White "Ortmann, David"]
[Black "Litwak, Aleksej"]
[Result "1/2-1/2"]
[Termination "normal"]
[Board "7.1"]
[WhiteElo "2280"]
[BlackElo "2167"]
[WhiteTeam "TSF Ditzingen"]
[BlackTeam "SF Berghofen-Wambel"]
[PlyCount "95"]
[WhiteFideId "4651588"]
[BlackFideId "4677617"]
[EventCountry "GER"]
[EventRounds "7"]
[EventType "team-swiss"]
[EventDate "2003.12.26"]

1. Nf3 c5 2. c4 Nc6 3. d4 cxd4 4. Nxd4 Nf6 5. Nc3 e6 6. a3 Nxd4 7. Qxd4 b6 8.
Bf4 Bc5 9. Qd2 O-O 10. b4 Be7 11. e4 a5 12. Rb1 Bb7 13. e5 axb4 14. axb4 Ne4
15. Nxe4 Bxe4 16. Bd3 Bxb4 17. Rxb4 Ra1+ 18. Rb1 Rxb1+ 19. Bxb1 Bxb1 20. O-O
Be4 21. Qd4 Bc6 22. Rb1 Qa8 23. f3 Qa2 24. Rxb6 Qe2 25. Rb1 Ra8 26. Qb2 Qxb2
27. Rxb2 h6 28. Be3 Kh7 29. Kf2 Ra4 30. c5 g5 31. Rd2 Kg6 32. Rd4 Ra5 33. Rd2
Kf5 34. g4+ Kg6 35. Rd1 Ra2+ 36. Rd2 Ra1 37. Re2 h5 38. h3 Ra4 39. Rd2 hxg4 40.
hxg4 Ra1 41. Rb2 f5 42. exf6 Kxf6 43. Bd4+ e5 44. Be3 Ra4 45. Rd2 e4 46. fxe4
Rxe4 47. Rd4 Rxd4 48. Bxd4+ 1/2-1/2

[Event "DVM U20 2003"]
[Site "Ditzingen GER"]
[Date "2003.12.27"]
[Round "1"]
[White "Mass, Elvira"]
[Black "Behm, Simon"]
[Result "0-1"]
[Termination "normal"]
[Board "7.2"]
[WhiteElo "1985"]
[BlackElo "2045"]
[WhiteTeam "SF Berghofen-Wambel"]
[BlackTeam "TSF Ditzingen"]
[PlyCount "88"]
[WhiteFideId "4695623"]
[BlackFideId "4691962"]
[EventCountry "GER"]
[EventRounds "7"]
[EventType "team-swiss"]
[EventDate "2003.12.26"]

1. e4 e6 2. d4 d5 3. e5 c5 4. c3 Nc6 5. Nf3 Bd7 6. a3 Rc8 7. Be3 cxd4 8. cxd4
f6 9. Nbd2 fxe5 10. dxe5 Nge7 11. Bd3 g6 12. O-O Bg7 13. Bf4 O-O 14. Bg3 Nf5
15. Qe2 g5 16. h3 Be8 17. Bh2 Bg6 18. Rac1 h6 19. b4 Ncd4 20. Nxd4 Nxd4 21. Qe3
Bxd3 22. Qxd3 Rxc1 23. Rxc1 Nc6 24. Nf3 Qd7 25. Qe3 Rc8 26. Ne1 b6 27. Nd3 Ne7
28. g4 Rxc1+ 29. Qxc1 Qb5 30. Qc2 Qc4 31. Qd2 Nc6 32. Qe3 Qe4 33. Bg3 Nd4 34.
Qxe4 dxe4 35. Ne1 Ne2+ 36. Kg2 Nxg3 37. Kxg3 Bxe5+ 38. Kg2 b5 39. Nc2 Kf7 40.
Kf1 Bb2 41. Ke2 Kf6 42. Kd2 Ke5 43. Ke3 Kd5 44. Kd2 Kc4 0-1

[Event "DVM U20 2003"]
[Site "Ditzingen GER"]
[Date "2003.12.27"]
[Round "1"]
[White "Reinhold, Dirk"]
[Black "Strathoff, Martin"]
[Result "0-1"]
[Termination "normal"]
[Board "7.3"]
[WhiteElo "2018"]
[BlackElo "1866"]
[WhiteTeam "TSF Ditzingen"]
[BlackTeam "SF Berghofen-Wambel"]
[PlyCount "86"]
[WhiteFideId "4685849"]
[BlackFideId "24609560"]
[EventCountry "GER"]
[EventRounds "7"]
[EventType "team-swiss"]
[EventDate "2003.12.26"]

1. e4 c5 2. Nf3 Nc6 3. d4 cxd4 4. Nxd4 Nf6 5. Nc3 d6 6. Be2 e5 7. Nxc6 bxc6 8.
O-O Be7 9. Kh1 O-O 10. f4 Nd7 11. Bg4 exf4 12. Bxf4 Ne5 13. Bxe5 dxe5 14. Bxc8
Qxc8 15. Qf3 Qe6 16. b3 Rfd8 17. Rad1 f6 18. Nb1 Bc5 19. Nd2 Rd7 20. Nc4 Rad8
21. h3 a6 22. Na5 Bb6 23. Nc4 Bc5 24. Nb2 Rd4 25. Qe2 a5 26. c3 R4d7 27. Rxd7
Rxd7 28. Rd1 Rxd1+ 29. Qxd1 Qd6 30. Qe2 Ba7 31. Nc4 Qd8 32. Kh2 Kf8 33. Qh5 Kg8
34. Nxa5 g6 35. Qf3 Qxa5 36. Qxf6 Qc7 37. h4 Bc5 38. h5 Qe7 39. Qxe7 Bxe7 40.
hxg6 hxg6 41. Kg3 Ba3 42. Kf3 Bb2 43. c4 Ba3 0-1

[Event "DVM U20 2003"]
[Site "Ditzingen GER"]
[Date "2003.12.27"]
[Round "1"]
[White "Grofig, Patrick"]
[Black "Scheerer, Kim"]
[Result "1-0"]
[Termination "normal"]
[Board "7.4"]
[WhiteElo "2116"]
[BlackElo "1389"]
[WhiteTeam "SF Berghofen-Wambel"]
[BlackTeam "TSF Ditzingen"]
[PlyCount "83"]
[WhiteFideId "24605654"]
[EventCountry "GER"]
[EventRounds "7"]
[EventType "team-swiss"]
[EventDate "2003.12.26"]

1. Nf3 e6 2. d4 d5 3. c4 Nf6 4. Nc3 Bb4 5. Qa4+ Nc6 6. Bg5 Bd7 7. Qb3 Qe7 8.
cxd5 exd5 9. Bxf6 Qxf6 10. Qxd5 Be6 11. Qe4 O-O 12. e3 Rad8 13. Bd3 g6 14. O-O
Bxc3 15. bxc3 Bf5 16. Qf4 Qd6 17. Qxd6 Rxd6 18. Bxf5 gxf5 19. Rfb1 b6 20. Rb5
Rf6 21. g3 a6 22. Rd5 Rc8 23. Nh4 Ne7 24. Re5 Kf8 25. Rc1 Rd8 26. c4 Rdd6 27.
Kf1 Rde6 28. f4 Ng6 29. Nxg6+ fxg6 30. d5 Re8 31. Ke2 c6 32. a4 Rb8 33. Rb1 c5
34. Kd3 Kf7 35. e4 a5 36. exf5 Rxf5 37. Rbe1 Rxe5 38. fxe5 Ke7 39. Rf1 Rf8 40.
d6+ Ke8 41. d7+ Ke7 42. Rxf8 1-0

[Event "DVM U20 2003"]
[Site "Ditzingen GER"]
[Date "2003.12.27"]
[Round "1"]
[White "Beeck, Alexander"]
[Black "Babczyk, Adrian"]
[Result "0-1"]
[Termination "normal"]
[Board "7.5"]
[WhiteElo "1315"]
[BlackElo "1777"]
[WhiteTeam "TSF Ditzingen"]
[BlackTeam "SF Berghofen-Wambel"]
[PlyCount "34"]
[BlackFideId "24608700"]
[EventCountry "GER"]
[EventRounds "7"]
[EventType "team-swiss"]
[EventDate "2003.12.26"]

1. d4 Nf6 2. c4 c5 3. Nc3 g6 4. Nf3 Bg7 5. Bf4 b6 6. Nb5 d6 7. Qa4 Bd7 8. e3 a6
9. dxc5 bxc5 10. Rd1 Bc6 11. Ne5 axb5 12. Qb3 Qa5+ 13. Rd2 dxe5 14. Bxe5 b4 15.
Be2 Nbd7 16. Bf4 Ne4 17. Rc2 Ba4 0-1

[Event "DVM U20 2003"]
[Site "Ditzingen GER"]
[Date "2003.12.27"]
[Round "1"]
[White "Menkowski, Patrick"]
[Black "Lembke, Philipp"]
[Result "1-0"]
[Termination "normal"]
[Board "7.6"]
[WhiteElo "1752"]
[BlackElo "1062"]
[WhiteTeam "SF Berghofen-Wambel"]
[BlackTeam "TSF Ditzingen"]
[PlyCount "61"]
[EventCountry "GER"]
[EventRounds "7"]
[EventType "team-swiss"]
[EventDate "2003.12.26"]

1. b3 e5 2. Bb2 Nc6 3. e3 Nf6 4. c4 Bc5 5. Nc3 d5 6. cxd5 Nxd5 7. a3 Nxc3 8.
Bxc3 Be6 9. b4 Bb6 10. b5 Na5 11. Bxe5 Bb3 12. Qc1 f6 13. Bc3 Qd5 14. Nf3 g5
15. h3 Rf8 16. Qb2 Qe6 17. Bxa5 Bxa5 18. Nd4 Qe5 19. Qxb3 f5 20. Qe6+ Qxe6 21.
Nxe6 Rf7 22. Nxg5 Rd7 23. Nf3 O-O-O 24. Ra2 f4 25. Bc4 Re7 26. O-O Re4 27. d3
Re7 28. exf4 Rf8 29. g3 Bc3 30. Rc2 Be5 31. Nxe5 1-0

[Event "DVM U20 2003"]
[Site "Ditzingen GER"]
[Date "2003.12.28"]
[Round "3"]
[White "Langrock, Hannes"]
[Black "Kritz, Leonid"]
[Result "1/2-1/2"]
[Termination "normal"]
[Board "1.1"]
[WhiteElo "2336"]
[BlackElo "2533"]
[WhiteTeam "Hamburger SK von 1830"]
[BlackTeam "SG Bochum 31"]
[PlyCount "74"]
[WhiteFideId "4655290"]
[BlackFideId "4653530"]
[EventCountry "GER"]
[EventRounds "7"]
[EventType "team-swiss"]
[EventDate "2003.12.26"]

1. e4 c5 2. c3 d5 3. exd5 Qxd5 4. d4 Nf6 5. Nf3 e6 6. Na3 a6 7. Nc4 Nbd7 8. Be2
cxd4 9. Nxd4 Qc5 10. O-O Qc7 11. a4 Be7 12. a5 O-O 13. Qd3 g6 14. Qg3 Qxg3 15.
hxg3 e5 16. Nb3 Nc5 17. Nxc5 Bxc5 18. Nxe5 Re8 19. Nd3 Ba7 20. Be3 Bxe3 21.
fxe3 Rxe3 22. Rxf6 Rxe2 23. Rb6 Bf5 24. Nf4 Rc2 25. Nd5 Rd8 26. c4 Kg7 27. Re1
Rxc4 28. Ne3 Rc7 29. Nxf5+ gxf5 30. Re2 f6 31. Kf2 Kg6 32. b4 Kg5 33. b5 axb5
34. Rxb5 Rd1 35. Reb2 Ra1 36. Rxb7 Rxb7 37. Rxb7 Rxa5 1/2-1/2

[Event "DVM U20 2003"]
[Site "Ditzingen GER"]
[Date "2003.12.28"]
[Round "3"]
[White "Zaragatski, Ilja"]
[Black "Frackowiak, Oliver"]
[Result "1-0"]
[Termination "normal"]
[Board "1.2"]
[WhiteElo "2337"]
[BlackElo "2110"]
[WhiteTeam "SG Bochum 31"]
[BlackTeam "Hamburger SK von 1830"]
[PlyCount "59"]
[WhiteFideId "4655192"]
[BlackFideId "4677145"]
[EventCountry "GER"]
[EventRounds "7"]
[EventType "team-swiss"]
[EventDate "2003.12.26"]

1. e4 d5 2. exd5 Qxd5 3. Nc3 Qa5 4. d4 Nf6 5. Nf3 c6 6. Bc4 Bf5 7. Bd2 e6 8.
Nd5 Qd8 9. Nxf6+ gxf6 10. c3 Be7 11. Nh4 Bg6 12. g3 Nd7 13. O-O Qc7 14. Qf3 f5
15. Ng2 Nf6 16. Nf4 Ne4 17. Be3 Rg8 18. a4 O-O-O 19. b4 Bd6 20. b5 e5 21. dxe5
Bxe5 22. a5 Nd2 23. Bxd2 Rxd2 24. b6 axb6 25. axb6 Qxb6 26. Ra8+ Bb8 27. Nxg6
Rxg6 28. Qxf5+ Rd7 29. Rxb8+ Kxb8 30. Qxd7 1-0

[Event "DVM U20 2003"]
[Site "Ditzingen GER"]
[Date "2003.12.28"]
[Round "3"]
[White "Stejskal, Hans Christian"]
[Black "Schlawin, Marlon"]
[Result "0-1"]
[Termination "normal"]
[Board "1.3"]
[WhiteElo "2119"]
[BlackElo "2293"]
[WhiteTeam "Hamburger SK von 1830"]
[BlackTeam "SG Bochum 31"]
[PlyCount "74"]
[WhiteFideId "4685890"]
[BlackFideId "4675584"]
[EventCountry "GER"]
[EventRounds "7"]
[EventType "team-swiss"]
[EventDate "2003.12.26"]

1. e4 e6 2. d3 d5 3. Nd2 Nf6 4. g3 b6 5. Bg2 Bb7 6. Qe2 Be7 7. Ngf3 O-O 8. O-O
c5 9. c3 Nc6 10. Re1 Rb8 11. Nf1 Ba6 12. Qc2 dxe4 13. dxe4 Bd3 14. Qb3 Bxe4 15.
Rxe4 Nxe4 16. Qa4 Nxc3 17. bxc3 b5 18. Qe4 Rc8 19. Rb1 Qa5 20. Qc2 b4 21. Bd2
bxc3 22. Bxc3 Nb4 23. Qb2 Qxa2 24. Bxg7 Qxb2 25. Bxb2 c4 26. Rc1 Nd3 27. Rc2
Nxb2 28. Rxb2 c3 29. Rc2 Bf6 30. Ne3 Rb8 31. Bf1 Rb2 32. Bd3 Rd8 33. Ne1 Rb1
34. Kf1 Rxd3 35. Ke2 Rd2+ 36. Rxd2 cxd2 37. Kxd2 Bc3+ 0-1